000 02007nam a2200301Ia 4500
999 _c55586
_d55586
001 22668
003 GE_BSU
005 20230411150444.0
008 181216s2017||||ge |||||||||||||| ||geo||
020 _a9789941272592
040 _cGE_BSU
041 _ageo
080 _a323.173(479.2)+316.42(479.22)+94(479.2) ს-30
245 _aსასაზღვრო მხარე :
_bკონფლიქტები და თანამშრომლობა სამხრეთ კავკასიაში /
_cრედაქტორი ელენე ლადარია ; წინასიტყვაობა ნინო ლეჟავა.
264 _aთბილისი :
_bჰაინრიჰ ბიოლის ფონდის სამხრეთ კავკასიის რეგიონული ბიურო (შპს სეზანი),
_c2017.
300 _a392 გვ. ;
_c24 სმ.
_e[5] ჩართ.ფურცელი რუკა, ცხრ., ფოტო.
504 _aბიბლიოგრ. ტექსტის შენიშვნებში
541 _h5ლ.
653 _aეთნოკონფლიქტები სამხრეთ კავკასიაში
653 _aსოციალურ-ეკონომიკური ცვლიბები სამხრეთ კავკასიაში
653 _a სახლემწიფო საზღვრები სამხრეთ კავკასიაში
653 _a სამხრეთ კავკასიის ისტორია
653 _aსასაზღვრო მხარე
653 _aკონფლიქტები და თანამშრომლობა სამხრეთ კავკასიაში
653 _aსაშინაო პოლიტიკა
700 _aლადარია, ელენე
_eრედაქტორი
_912549
942 _cBK
_2udc